UBT Library

COMMON SENSE TEACHING READING (Record no. 19432)

000 -LEADER
fixed length control field 00267nam a22001217a 4500
008 - FIXED-LENGTH DATA ELEMENTS--GENERAL INFORMATION
fixed length control field 170628b xxu||||| |||| 00| 0 eng d
041 ## - LANGUAGE CODE
Language code of text/sound track or separate title eng
080 ## - UNIVERSAL DECIMAL CLASSIFICATION NUMBER
Universal Decimal Classification number 05
100 ## - Rafti
Rafti 22
101 ## - Shkurtesa
Shkurtesa GJL
245 ## - TITLE STATEMENT
Title COMMON SENSE TEACHING READING
Statement of responsibility, etc GANS,R
942 ## - ADDED ENTRY ELEMENTS (KOHA)
Source of classification or shelving scheme
Item type Books
Holdings
Withdrawn status Lost status Source of classification or shelving scheme Damaged status Not for loan Collection code Permanent location Current location Shelving location Date acquired Total Checkouts Full call number Barcode Date last seen Price effective from Koha item type
          Koleksioni i përgjithshem UBT - Lipjan UBT - Lipjan Koleksioni i përgjithshem 06/28/2017   05 GAN 002-2907284 06/28/2017 06/28/2017 Books
UBT Library © 2015-2024. All rights reserved University Education for Business and Technology